| 000 | 01338naa a22003257a 4500 | ||
|---|---|---|---|
| 001 | BR8500740 | ||
| 003 | BR-BrBNA | ||
| 005 | 20240918175513.0 | ||
| 007 | ta | ||
| 008 | 230509b bl.||||| |||| 00| 0 por d | ||
| 040 |
_aBR-BrBNA _bpor _cBiblioteca Nacional de Agricultura |
||
| 041 | _a(Pt) | ||
| 072 |
_aE10 _b/G514 |
||
| 090 | _aE10 BR8500740 | ||
| 100 | 1 | _aRibeiro, D. | |
| 111 | 1 |
_aSeminario Agricultura - Horizonte 2000; Perspectivas para o Brasil _cBrasilia, DF (Brazil) _d5-9 Dec 1983 |
|
| 245 | 1 | _aImpacto social das politicas de incentivos economicos no Brasil | |
| 246 | 1 | _a[Social impact of the policies of economic incentives in Brazil] | |
| 246 | 1 | _a[Proceedings of the Seminar in Agriculture - Horizon 2000; Prospects for Brazil] | |
| 260 | 3 |
_aBrasilia, DF (Brasil): _c1983. |
|
| 500 | _aAnais do Seminario Agricultura - Horizonte 2000; Perspectivas para o Brasil Brasilia, DF (Brasil): 1983. p. 316-324 (BR8500740-AM)E10 | ||
| 650 | _aPOLITICA ECONOMICA | ||
| 650 | _aPOLITICA AGRICOLA | ||
| 650 | _aINCENTIVO FISCAL | ||
| 650 | _aDESENVOLVIMENTO AGRICOLA | ||
| 650 | _aPOLITICA DE PRECO | ||
| 773 | 0 |
_tAnais do Seminario Agricultura - Horizonte 2000; Perspectivas para o Brasil _wE10 BR8500740 _gBrasilia, DF (Brasil), 1983. p. 316-324 |
|
| 909 |
_a202404 _bLucia _c55 _dLucia Elande |
||
| 942 |
_cAM _2AGRIS |
||
| 999 |
_c317034 _d317034 |
||